Reliefs, fleuves, mer et océans d'Amérique - Statistiques

Statistiques générales
  • Ce quiz a été pris 527 fois
  • Le résultat moyen est 21 sur 39
Réponses sur la Carte
Les réponses sont colorées sur une échelle allant du rouge au vert en fonction du pourcentage des utilisateurs qui les ont devinées à leur premier essai. Vous pouvez retrouver ces pourcentages ci-dessous.
 
Statistiques - réponses
Réponse % Correct
Golfe du Mexique
76%
Océan Pacifique
76%
Océan Atlantique
75%
Mer des Caraïbes/Antilles
74%
Cordière des Andes
72%
Montagnes rocheuses
72%
Océan Arctique
71%
Montagnes brésiliennes
70%
Canal de Panama
68%
Fleuve Paraguay
68%
Mississippi
64%
Amazonie
62%
Détroit de Béring
60%
Golfe d'Alaska
60%
Cap Horn
58%
Mer du Labrador
58%
Baie d'Hudson
56%
Golfe de Californie
56%
Golfe du Saint-Laurent
56%
Péninsule du Yucatan
53%
Colorado
52%
Saint-Laurent
52%
Détroit du Yucatan
51%
Terres du Nord-Est
50%
Ohio
49%
Arkansas
48%
Mer de Béring
47%
Rio Grande
47%
Tennessee
47%
Sierra Nevada
46%
Baie de Baffin
45%
Patagonie
44%
Amazone
43%
Terre de Feu
43%
Yucon
42%
Madeira
37%
Sao Francisco
33%
Rio Negro
32%
Tocantins
30%
Aucun quiz correspondant
Distribution des résultats
% des personnes avec chaque résultat
Percentile par nombre de réponses
Votre historique - résultats
Vous n’avez pas pris ce quiz